• 首页
  • 本馆介绍
  • 公告通知
  • 最新文献
  • 馆藏检索
  • 电子资源
  • 读者导购
  • 参考咨询
  • 我的图书馆
  • 登录
  • 详细信息显示
  • 放入我的书架
  • 预约/预借图书
  • 作者相关作品
  • 分类相关作品
  • 丛书相关作品
  • 出版社相关作品

书目信息

  • 表格格式
  • 工作单格式
  • 卡片格式
题名:
猪生产
    
 
作者: 黄雪泉 主编
分册:  
出版信息: 北京   科学出版社  2015
页数: 195页
开本: 26cm
丛书名:
单 册:
中图分类: S828
科图分类:
主题词: 养猪学--中等专业教育--教材
电子资源:
ISBN: 978-7-03-044210-9
000 00872nam0 2200229 450
001 5449
005 20181016084421.68
010    @a978-7-03-044210-9@dCNY60.00
100    @a20160127d2015 em y0chiy50 ea
101 0  @achi
102    @aCN@b110000
105    @aa z 000yy
200 1  @a猪生产@9zhu sheng chan@b专著@f黄雪泉主编
210    @a北京@c科学出版社@d2015
215    @a195页@c彩图,彩照@d26cm
300    @a国家中等职业教育改革发展示范学校建设系列教材
330    @a本书以养猪行业、企业不同发展阶段的职业岗位对养猪生产知识与技能需求为目标,按照猪生产的工作过程,将内容分为十二个项目和二十四个任务。从猪的生物学特性与品种认识、现代养猪、养猪筹划、猪的选育及杂交利用措施等方面进行展开。
606 0  @a养猪学@x中等专业教育@j教材
690    @aS828@v5
701  0 @a黄雪泉@9huang xue quan@f(1969-)@4主编
801  0 @aCN@b91MARC@c20160302
905    @aMuseLib@dS828@e184
    
    猪生产/黄雪泉主编.-北京:科学出版社,2015
    195页:彩图,彩照;26cm
    国家中等职业教育改革发展示范学校建设系列教材
    
    ISBN 978-7-03-044210-9:CNY60.00
    本书以养猪行业、企业不同发展阶段的职业岗位对养猪生产知识与技能需求为目标,按照猪生产的工作过程,将内容分为十二个项目和二十四个任务。从猪的生物学特性与品种认识、现代养猪、养猪筹划、猪的选育及杂交利用措施等方面进行展开。
●
相关链接 在E读中查询图书 在五车中查询图书 在当当中查询图书 在豆瓣中查询图书


正题名:猪生产     索取号:S828/184         预约/预借

序号 登录号 条形码 馆藏地/架位号 状态 备注
1 1129760   211297602   第二样本阅览室/ [索取号:S828/184] 在馆    
2 1129761   211297611   密集书库-生命科学系/ [索取号:S828/184] 在馆    
3 1129762   211297620   第三借阅区/ [索取号:S828/184] 在馆    
4 1129763   211297639   第三借阅区/ [索取号:S828/184] 在馆    
5 1129764   211297648   第三借阅区/ [索取号:S828/184] 在馆    
唐山师范学院图书馆 欢迎您!
大连网信软件有限公司© 版权所有